[Event "ICS rated bullet match"]
[Site "204.178.125.65"]
[Date "2001.07.08"]
[Round "?"]
[White "Hossa"]
[Black "Marpy1"]
[Result "1-0"]
[WhiteElo "2607"]
[BlackElo "2308"]
[PlyCount "63"]
[EventDate "2001.??.??"]

1. c4 c6 2. Nc3 d5 3. cxd5 cxd5 4. d4 Nf6 5. Bf4 Nc6 6. e3 e6 7. Nh3 Bb4 8. Bd3
O-O 9. a3 Bd6 10. Bxd6 Qxd6 11. f4 a6 12. O-O b5 13. Ng5 h6 14. Nf3 Bd7 15. Ne5
Rac8 16. a4 b4 17. Ne2 a5 18. Qe1 Ne7 19. Ng3 Rfd8 20. Rf2 Be8 21. Qf1 Qc7 22.
Ba6 Rb8 23. Rc1 Qb6 24. b3 Nc6 25. Qd3 Nxe5 26. fxe5 Nd7 27. Qf1 Ra8 28. Bb5
Qa7 29. Rfc2 Nf8 30. Rc7 Bxb5 31. Qxf7+ Kh8 32. Qxg7# {Marpy1 checkmated} 1-0

[Event "ICS rated blitz match"]
[Site "204.178.125.65"]
[Date "2001.07.08"]
[Round "?"]
[White "PostModernist"]
[Black "Hossa"]
[Result "1-0"]
[WhiteElo "2675"]
[BlackElo "2562"]
[PlyCount "61"]
[EventDate "2001.??.??"]

1. e4 Nc6 2. d4 e6 3. Nc3 d5 4. Nf3 Bb4 5. e5 f6 6. a3 Bxc3+ 7. bxc3 fxe5 8.
dxe5 Nge7 9. c4 O-O 10. Bb2 Ng6 11. Be2 d4 12. O-O Ngxe5 13. Nxe5 Nxe5 14. Bxd4
Nc6 15. Bc5 Qxd1 16. Rfxd1 Rf5 17. Be3 g6 18. Rab1 a5 19. Bf3 Ne5 20. Bxb7 Bxb7
21. Rxb7 Nxc4 22. Rxc7 Nxa3 23. Rdd7 Rd5 24. Rg7+ Kf8 25. h4 Rh5 26. g4 Nxc2
27. gxh5 Nxe3 28. Rxh7 Kg8 29. Rcg7+ Kf8 30. h6 Rc8 31. Rh8# {Hossa checkmated}
1-0

[Event "ICS rated standard match"]
[Site "204.178.125.65"]
[Date "2001.07.08"]
[Round "?"]
[White "expert101"]
[Black "Hossa"]
[Result "0-1"]
[WhiteElo "2109"]
[BlackElo "2333"]
[PlyCount "76"]
[EventDate "2001.??.??"]

1. e4 d5 2. exd5 Qxd5 3. d4 Nf6 4. Nf3 Bg4 5. Be2 Nbd7 6. O-O O-O-O 7. c4 Qh5
8. h3 Bxf3 9. Bxf3 Qh4 10. Nc3 g5 11. Qa4 a6 12. Qb3 c6 13. d5 Ne5 14. dxc6
bxc6 15. Be2 Nfd7 16. Be3 Nb8 17. Na4 e6 18. Rad1 Rxd1 19. Rxd1 Ned7 20. Nb6+
Nxb6 21. Qxb6 Bg7 22. c5 Qa4 23. Bxg5 Be5 24. b3 Qxa2 25. Bf3 Bc7 26. Qb4 Rg8
27. Be7 Qc2 28. Bd6 Rd8 29. Rf1 a5 30. Qf4 Rd7 31. Bxc7 Rxc7 32. b4 a4 33. Rc1
Qb2 34. Qc4 Rb7 35. Rd1 Qxb4 36. Qd3 Rd7 37. Qxh7 Rxd1+ 38. Bxd1 Qe1+ {
expert101 resigns} 0-1

[Event "ICS rated blitz match"]
[Site "204.178.125.65"]
[Date "2001.07.08"]
[Round "?"]
[White "Hossa"]
[Black "Tyrel"]
[Result "1-0"]
[WhiteElo "2551"]
[BlackElo "2104"]
[PlyCount "79"]
[EventDate "2001.??.??"]

1. c4 Nf6 2. Nf3 d6 3. d4 Nbd7 4. Nc3 e5 5. e4 Be7 6. Be2 O-O 7. O-O Re8 8.
dxe5 dxe5 9. Qc2 c6 10. Rd1 Qc7 11. Ng5 Nf8 12. Rd3 Ng6 13. Be3 h6 14. Nf3 Nh5
15. Rad1 Nhf4 16. R3d2 Bf8 17. Ne1 Qe7 18. Nd3 Qg5 19. Bxf4 exf4 20. Ne1 Nh4
21. Rd3 h5 22. a3 Bg4 23. Bxg4 hxg4 24. Qc1 Bc5 25. b4 Bb6 26. Rd7 Nf3+ 27.
gxf3 g3 28. Nd3 gxf2+ 29. Kf1 f5 30. Nxf2 fxe4 31. Ncxe4 Qh4 32. c5 Bd8 33.
Qc4+ Kh8 34. Qf7 Bf6 35. Nxf6 Qxf6 36. Qxf6 gxf6 37. Ne4 Rf8 38. Rxb7 Rae8 39.
Rdd7 Ra8 40. Rh7+ {Tyrel resigns} 1-0

[Event "ICS rated standard match"]
[Site "204.178.125.65"]
[Date "2001.07.08"]
[Round "?"]
[White "Hossa"]
[Black "BrazilianMaster"]
[Result "0-1"]
[WhiteElo "2340"]
[BlackElo "2626"]
[PlyCount "84"]
[EventDate "2001.??.??"]

1. c4 Nf6 2. Nf3 c6 3. d4 d5 4. cxd5 cxd5 5. Bf4 Nc6 6. Nc3 a6 7. e3 Bg4 8. h3
Bxf3 9. Qxf3 e6 10. Be2 Bd6 11. O-O Bxf4 12. Qxf4 O-O 13. Rac1 Qe7 14. Na4 Qb4
15. Bd1 Rac8 16. a3 Qe7 17. Nb6 Rcd8 18. Ba4 Rd6 19. Bxc6 Rxc6 20. Rxc6 bxc6
21. Na4 Ne4 22. Rc1 Qb7 23. f3 Nd2 24. b4 a5 25. Nc5 Qa7 26. e4 Nc4 27. g3 axb4
28. axb4 Qa3 29. Nd7 Rd8 30. Nc5 Ne3 31. Re1 Nc2 32. Qc7 Ra8 33. Rb1 Qe3+ 34.
Kh1 Qxf3+ 35. Kg1 Ne3 36. Qc8+ Rxc8 37. Rb2 Ra8 38. Nb3 Ra3 39. Kh2 Rxb3 40.
Ra2 Ng4+ 41. hxg4 Qxg3+ 42. Kh1 Rb1# {Hossa checkmated} 0-1

[Event "ICS rated standard match"]
[Site "204.178.125.65"]
[Date "2001.07.08"]
[Round "?"]
[White "Hossa"]
[Black "Tinker"]
[Result "1/2-1/2"]
[WhiteElo "2335"]
[BlackElo "2334"]
[PlyCount "54"]
[EventDate "2001.??.??"]

1. c4 Nf6 2. Nf3 c5 3. Nc3 e6 4. e4 Nc6 5. Be2 d5 6. exd5 exd5 7. cxd5 Nxd5 8.
O-O Be7 9. d4 Be6 10. Nxd5 Qxd5 11. Be3 cxd4 12. Nxd4 Nxd4 13. Bxd4 O-O 14. Bf3
Qb5 15. Qc2 Rfd8 16. Rfd1 Rac8 17. Bc3 Rxd1+ 18. Qxd1 Bb4 19. a4 Qb6 20. Bd4
Qc7 21. Qd3 Bd6 22. g3 Qc4 23. Qe3 b6 24. Be2 Qc6 25. Bf3 Qc4 26. Be2 Qc6 27.
Bf3 Qc4 {Game drawn by repetition} 1/2-1/2

[Event "ICS rated standard match"]
[Site "204.178.125.65"]
[Date "2001.07.08"]
[Round "?"]
[White "star2"]
[Black "Hossa"]
[Result "1-0"]
[WhiteElo "2549"]
[BlackElo "2335"]
[PlyCount "143"]
[EventDate "2001.??.??"]

1. d4 c5 2. d5 d6 3. c4 e5 4. e4 f5 5. Nc3 Nf6 6. Bd3 b5 7. cxb5 fxe4 8. Nxe4
Nxe4 9. Bxe4 Qa5+ 10. Bd2 Qxb5 11. Qh5+ Kd8 12. Bg5+ Kc7 13. Ne2 Ba6 14. Rb1 g6
15. Qf3 Qxe2+ 16. Qxe2 Bxe2 17. Kxe2 Nd7 18. b4 Re8 19. Rhc1 Be7 20. Bd2 Rhf8
21. bxc5 Nxc5 22. Bd3 Rb8 23. Ba5+ Kc8 24. Ba6+ Kd7 25. Bb5+ Kc8 26. Rc4 Bg5
27. a4 Be7 28. Rc2 Rh8 29. Bb4 Rf8 30. Ke1 Kc7 31. Kf1 Kd8 32. g3 h5 33. Ba5+
Kc8 34. Ba6+ Kd7 35. Rxb8 Rxb8 36. Bb5+ Kc8 37. Be8 h4 38. Bxg6 hxg3 39. Bf5+
Kb7 40. hxg3 Ka6 41. Bd2 Rf8 42. g4 Rb8 43. g5 Bf8 44. Be3 Rb4 45. g6 Kb6 46.
Bxc5+ dxc5 47. d6 Rxa4 48. d7 Rd4 49. Rc3 Bg7 50. Rh3 Bf6 51. Rh7 Kc7 52. Rf7
Rd6 53. Rf8 Bg7 54. Rc8+ Kb6 55. d8=Q+ Rxd8 56. Rxd8 a6 57. Rb8+ Ka5 58. Be4 c4
59. Ke2 c3 60. Kd3 c2 61. Kxc2 Ka4 62. Rb7 Bf8 63. Bc6+ Ka5 64. Kd3 Bh6 65. Kc4
Bf8 66. g7 Bxg7 67. Rxg7 Kb6 68. Kd5 a5 69. Rb7+ Ka6 70. Kc5 e4 71. Rb8 a4 72.
Ra8# {Hossa checkmated} 1-0

[Event "ICS rated standard match"]
[Site "204.178.125.65"]
[Date "2001.07.08"]
[Round "?"]
[White "Hossa"]
[Black "PostModernist"]
[Result "0-1"]
[WhiteElo "2328"]
[BlackElo "2367"]
[PlyCount "158"]
[EventDate "2001.??.??"]

1. c4 e5 2. Nc3 Nf6 3. Nf3 Nc6 4. e3 g6 5. d4 exd4 6. exd4 d6 7. d5 Ne5 8. Nxe5
dxe5 9. Bd3 Bc5 10. O-O O-O 11. Bg5 Be7 12. Bd2 c6 13. Qf3 Bg4 14. Qg3 cxd5 15.
cxd5 e4 16. Nxe4 Qxd5 17. Nc3 Qd7 18. Bh6 Rfd8 19. Bb5 Qd6 20. Qh4 a6 21. Ba4
Bf5 22. Bg5 Qb6 23. Rad1 Rxd1 24. Bxd1 Rd8 25. g4 Bc8 26. Bb3 Re8 27. Ne4 Nxe4
28. Bxf7+ Kxf7 29. Qxh7+ Ke6 30. Qxg6+ Nf6 31. Bxf6 Qc6 32. Bg5+ Kd7 33. Rd1+
Kc7 34. Rc1 Bc5 35. Qxc6+ Kxc6 36. b4 Kb5 37. Rxc5+ Kxb4 38. Rd5 Re2 39. Rd4+
Ka3 40. h3 Kxa2 41. Kf1 Rc2 42. Bd2 b5 43. f4 Rc4 44. Rd5 b4 45. Ke2 b3 46.
Ra5+ Kb1 47. Kd3 Rc7 48. Be3 b2 49. f5 Bd7 50. Kd2 Bb5 51. Kd1 Rc3 52. Bg5 Rxh3
53. Bf4 Rd3+ 54. Bd2 Rg3 55. Bh6 Rxg4 56. f6 Rd4+ 57. Bd2 Be8 58. Ra3 Ra4 59.
Rb3 Re4 60. Rxb2+ Kxb2 61. Ba5 Kb3 62. Kd2 Re6 63. Kd3 Rxf6 64. Kd4 Rf5 65. Bd2
Bc6 66. Bh6 Rd5+ 67. Ke3 a5 68. Kf4 a4 69. Bg7 Rd2 70. Ke3 Rc2 71. Bd4 Rb2 72.
Be5 a3 73. Kf4 a2 74. Bd4 a1=Q 75. Ke5 Re2+ 76. Kf5 Qxd4 77. Kg6 Rg2+ 78. Kf7
Rg7+ 79. Kf8 Qf6# {Hossa checkmated} 0-1

[Event "ICS rated standard match"]
[Site "204.178.125.65"]
[Date "2001.07.08"]
[Round "?"]
[White "IronMaiden"]
[Black "Hossa"]
[Result "1-0"]
[WhiteElo "2235"]
[BlackElo "2314"]
[PlyCount "143"]
[EventDate "2001.??.??"]

1. d4 e6 2. c4 d5 3. cxd5 exd5 4. Nc3 Nf6 5. Bg5 Be7 6. e3 Nc6 7. a3 O-O 8. Bd3
Be6 9. Nge2 Ng4 10. Bf4 Bg5 11. h3 Nh6 12. Qc2 f5 13. Na4 Bxf4 14. Nxf4 Bf7 15.
Rc1 Qe8 16. O-O Qc8 17. Bb5 g5 18. Nd3 Be8 19. Bxc6 Bxc6 20. Ne5 Bxa4 21. Qxa4
c6 22. f4 Nf7 23. b4 Qe6 24. b5 Nxe5 25. dxe5 gxf4 26. exf4 Rfc8 27. bxc6 Rxc6
28. Rb1 Rb6 29. Qd4 Rxb1 30. Rxb1 b6 31. Rc1 Rd8 32. Rc7 Rd7 33. Rc3 Rg7 34.
Kh2 Kf8 35. Qa4 Qd7 36. Rc6 Kg8 37. Qc2 Kh8 38. Rd6 Qf7 39. Qc8+ Rg8 40. Qd7
Rg7 41. Qxf7 Rxf7 42. Rxd5 h6 43. Kg3 Rc7 44. Rd3 Kg8 45. Kf3 h5 46. g4 fxg4+
47. hxg4 hxg4+ 48. Kxg4 Kf7 49. Kf5 Ke7 50. Rh3 Kf8 51. e6 Kg7 52. Rg3+ Kf8 53.
Kf6 Rc6 54. f5 b5 55. Rg7 a5 56. Ra7 Kg8 57. Rxa5 Rc8 58. Rxb5 Kf8 59. Rb7 Ra8
60. Kg6 Rb8 61. Rxb8+ Ke7 62. Rb7+ Kd6 63. e7 Kc6 64. e8=Q+ Kxb7 65. f6 Kc7 66.
f7 Kd6 67. f8=Q+ Kd5 68. Qf4 Kc5 69. Qee5+ Kb6 70. Qff6+ Kb7 71. Qee7+ Kc8 72.
Qff8# {Hossa checkmated} 1-0

[Event "ICS rated blitz match"]
[Site "204.178.125.65"]
[Date "2001.07.08"]
[Round "?"]
[White "Hossa"]
[Black "thechessmachine"]
[Result "0-1"]
[WhiteElo "2553"]
[BlackElo "1600"]
[PlyCount "84"]
[EventDate "2001.??.??"]

1. c4 Nf6 2. Nc3 e5 3. Nf3 Nc6 4. g3 Bb4 5. Bg2 O-O 6. O-O e4 7. Ne1 Bxc3 8.
dxc3 h6 9. c5 Qe7 10. b4 d6 11. cxd6 cxd6 12. Bf4 Rd8 13. Nc2 Be6 14. Qd2 Ne5
15. Nd4 Rac8 16. a4 Qd7 17. Rfd1 a5 18. bxa5 Bh3 19. Bh1 Nc4 20. Qc1 Qe7 21.
Bxh6 gxh6 22. Qxh6 Be6 23. h3 Rc5 24. g4 Nxa5 25. Ra3 Bd7 26. Nf5 Bxf5 27. gxf5
Rxf5 28. Bg2 d5 29. Ra2 Nc4 30. Rb1 Nh5 31. Qc1 Nf4 32. e3 Nxg2 33. Kxg2 Kh7
34. Kh2 Qe5+ 35. Kh1 Rf3 36. Qf1 Qh5 37. Kh2 Rg8 38. Rxb7 Nxe3 39. Rxf7+ Qxf7
40. Ra1 Nxf1+ 41. Rxf1 Rxh3+ 42. Kxh3 Qh5# {Hossa checkmated} 0-1

[Event "ICS rated bullet match"]
[Site "204.178.125.65"]
[Date "2001.07.08"]
[Round "?"]
[White "Hossa"]
[Black "thutters"]
[Result "1-0"]
[WhiteElo "2617"]
[BlackElo "2286"]
[PlyCount "77"]
[EventDate "2001.??.??"]

1. c4 Nf6 2. Nf3 d6 3. d4 e6 4. Nc3 Be7 5. e4 Nbd7 6. Bd3 e5 7. O-O O-O 8. Nd5
c6 9. Nxe7+ Qxe7 10. Bg5 h6 11. Be3 Re8 12. Re1 Nf8 13. dxe5 dxe5 14. Qe2 Bg4
15. Bc2 Ne6 16. Red1 Red8 17. Rxd8+ Qxd8 18. Rd1 Qe7 19. h3 Bxf3 20. Qxf3 c5
21. Bd2 Nd4 22. Qd3 Rd8 23. Ba4 Rd6 24. Qe3 a6 25. Qd3 Qc7 26. Kh1 Nh7 27. Qf1
Nf8 28. Be3 Nfe6 29. Rd2 Qa5 30. Bb3 Qb4 31. Rd3 Qb6 32. Qd1 Qc7 33. Qg4 Qd8
34. Bxh6 Qf6 35. Be3 Nf4 36. Bxf4 exf4 37. Qc8+ Kh7 38. Qxc5 Ne6 39. Qh5+ {
thutters resigns} 1-0

[Event "ICS rated standard match"]
[Site "204.178.125.65"]
[Date "2001.07.08"]
[Round "?"]
[White "Hossa"]
[Black "leonidas"]
[Result "1-0"]
[WhiteElo "2294"]
[BlackElo "2008"]
[PlyCount "57"]
[EventDate "2001.??.??"]

1. c4 e6 2. Nc3 f5 3. e4 fxe4 4. Nxe4 Nf6 5. Nxf6+ Qxf6 6. Bd3 Bd6 7. Nf3 O-O
8. O-O Nc6 9. Be4 b6 10. d4 Bb7 11. Bg5 Qf7 12. c5 Bf4 13. g3 Bxg5 14. Nxg5 Qe7
15. Bxh7+ Kh8 16. Qh5 Qxg5 17. Qxg5 Kxh7 18. d5 exd5 19. cxb6 axb6 20. Qxd5 Ra5
21. Qxd7 Ne5 22. Qh3+ Kg8 23. f4 Nf3+ 24. Kf2 Rc5 25. Rac1 Rxc1 26. Qe6+ Kh7
27. Rxc1 c5 28. Qe7 Rb8 29. Qc7 {leonidas resigns} 1-0

[Event "ICS rated bullet match"]
[Site "204.178.125.65"]
[Date "2001.07.08"]
[Round "?"]
[White "kex"]
[Black "Hossa"]
[Result "0-1"]
[WhiteElo "2449"]
[BlackElo "2621"]
[PlyCount "94"]
[EventDate "2001.??.??"]

1. d4 d5 2. c4 c6 3. Nc3 e6 4. Nf3 dxc4 5. Bg5 Be7 6. Bxe7 Nxe7 7. e4 b5 8. a3
f5 9. Be2 fxe4 10. Nxe4 O-O 11. O-O Qd5 12. Nc3 Qd6 13. Re1 Qf4 14. Qd2 Nd5 15.
Nxd5 cxd5 16. Qxf4 Rxf4 17. a4 bxa4 18. Bf1 Nc6 19. Rxa4 Nxd4 20. Nxd4 Rxd4 21.
b3 Bd7 22. Rb4 a5 23. Rb7 Bc8 24. Re7 cxb3 25. Bb5 b2 26. h4 Rb8 27. Bc6 b1=Q
28. Rxb1 Rxb1+ 29. Kh2 Rf4 30. f3 Rbb4 31. Rc7 Ba6 32. Ra7 Rb6 33. Ra8+ Rf8 34.
Be8 Bb5 35. Rd8 Rxe8 36. Rd6 Rxd6 37. h5 a4 38. h6 a3 39. hxg7 a2 40. Kg3 Kxg7
41. Kh4 Rg8 42. Kg5 Kf7+ 43. Kf4 Rxg2 44. Ke5 a1=B+ 45. Kxd6 Rc2 46. f4 Be8 47.
f5 Rc6# {kex checkmated} 0-1

[Event "ICS rated standard match"]
[Site "204.178.125.65"]
[Date "2001.07.08"]
[Round "?"]
[White "PostModernist"]
[Black "Hossa"]
[Result "1-0"]
[WhiteElo "2381"]
[BlackElo "2299"]
[PlyCount "147"]
[EventDate "2001.??.??"]

1. e4 Nc6 2. Nf3 d6 3. d4 Nf6 4. Nc3 e6 5. d5 exd5 6. exd5 Nb8 7. Bf4 Be7 8.
Qd2 O-O 9. O-O-O Re8 10. h3 a6 11. g4 b5 12. g5 b4 13. gxf6 bxc3 14. Qxc3 Bxf6
15. Nd4 Nd7 16. Bg2 Bb7 17. Be3 a5 18. Qb3 Nc5 19. Qa3 Ne4 20. Nb5 Ng3 21. Rhe1
Nf5 22. Bf4 Rxe1 23. Rxe1 Ba6 24. Nc3 Qb8 25. Bd2 a4 26. Re4 Nd4 27. f4 Bc4 28.
Re3 Nf5 29. Re4 Bd4 30. Nd1 Bxd5 31. Rxd4 Bxg2 32. Rxa4 Rxa4 33. Qxa4 Qc8 34.
Nf2 c6 35. Qb3 Bd5 36. Qd3 Be6 37. a4 c5 38. a5 Nd4 39. Bc3 Bf5 40. Qd2 Nxc2
41. Qxd6 Nd4 42. a6 Nb3+ 43. Kd1 Qd7 44. Qxd7 Bxd7 45. a7 Bc6 46. Ng4 f6 47.
Ne3 g6 48. Nc4 Kf7 49. Kc2 Na1+ 50. Kd3 Nb3 51. Nb6 Nc1+ 52. Kc4 Ne2 53. Kxc5
Bb7 54. Bd2 Ng1 55. a8=Q Bxa8 56. Nxa8 Nxh3 57. b4 g5 58. b5 gxf4 59. b6 f3 60.
Be3 f2 61. Bxf2 Nxf2 62. b7 h5 63. b8=Q Ng4 64. Nc7 Kg6 65. Qe8+ Kg5 66. Ne6+
Kh4 67. Ng7 Kh3 68. Qxh5+ Kg3 69. Nf5+ Kf4 70. Kd5 Ne5 71. Qh3 Ng4 72. Ke6 Ke4
73. Qg3 Ne5 74. Qe3# {Hossa checkmated} 1-0

[Event "ICS rated blitz match"]
[Site "204.178.125.65"]
[Date "2001.07.08"]
[Round "?"]
[White "Kupnu4"]
[Black "Hossa"]
[Result "0-1"]
[WhiteElo "2242"]
[BlackElo "2551"]
[PlyCount "38"]
[EventDate "2001.??.??"]

1. d4 d5 2. Nf3 Qd6 3. e3 Nc6 4. Bd3 Nb4 5. O-O Nxd3 6. cxd3 Bf5 7. b3 Qa6 8.
Ne1 O-O-O 9. Nc3 e6 10. a3 Bd6 11. Bb2 Nf6 12. b4 Ng4 13. h3 Nh2 14. b5 Qa5 15.
a4 Nxf1 16. Kxf1 g5 17. Qb3 Bf8 18. Nc2 Bxd3+ 19. Kg1 Bc4 {Kupnu4 resigns} 0-1

[Event "ICS rated blitz match"]
[Site "204.178.125.65"]
[Date "2001.07.08"]
[Round "?"]
[White "QueenMaxima"]
[Black "Hossa"]
[Result "0-1"]
[WhiteElo "2635"]
[BlackElo "2560"]
[PlyCount "160"]
[EventDate "2001.??.??"]

1. e4 d5 2. exd5 Qxd5 3. Nc3 Qd8 4. d4 Nf6 5. Bc4 c6 6. Nf3 Bf5 7. Nh4 Bd7 8.
O-O e6 9. Re1 Be7 10. Nf3 O-O 11. Bf4 Nd5 12. Be5 Nxc3 13. bxc3 c5 14. Qd3 Bc6
15. Bb5 Bxb5 16. Qxb5 Qd7 17. Rab1 Qxb5 18. Rxb5 b6 19. d5 Nd7 20. c4 Rfe8 21.
Bc7 Bf6 22. d6 Bc3 23. Re3 Bd4 24. Nxd4 cxd4 25. Rg3 Nc5 26. Rg4 e5 27. Rg3
Rec8 28. h4 Ne6 29. Rxe5 Nxc7 30. dxc7 Rxc7 31. c5 Rxc5 32. Rxc5 bxc5 33. Ra3
a5 34. Ra4 g6 35. Kh2 Kf8 36. Rc4 Rc8 37. Kg3 Ke7 38. Ra4 Ra8 39. Kf4 Kd6 40.
Ke4 f5+ 41. Kd3 Kd5 42. g3 h6 43. c3 dxc3 44. Kxc3 h5 45. Kd3 Ra6 46. f3 Ra7
47. Kc3 Ra8 48. Kd3 Ra6 49. Kc3 Ra7 50. Kd3 Ra8 51. Kc3 Ra7 52. Kd3 Rf7 53. Ke2
Rb7 54. Rxa5 Kd4 55. f4 Rb2+ 56. Kf3 c4 57. Ra8 c3 58. Rd8+ Kc4 59. Rc8+ Kd3
60. Rd8+ Kc2 61. Rc8 Kd2 62. Rd8+ Kc1 63. Rc8 c2 64. a3 Kb1 65. Ke3 c1=Q+ 66.
Rxc1+ Kxc1 67. a4 Ra2 68. a5 Ra3+ 69. Kf2 Kd2 70. a6 Rxa6 71. Kf3 Ra3+ 72. Kf2
Ra2 73. Kg2 Ke2 74. g4 Ke1+ 75. Kf3 Ra3+ 76. Kg2 fxg4 77. f5 gxf5 78. Kg1 Rg3+
79. Kh1 Kf2 80. Kh2 Rh3# {QueenMaxima checkmated} 0-1

[Event "ICS rated blitz match"]
[Site "204.178.125.65"]
[Date "2001.07.08"]
[Round "?"]
[White "Hossa"]
[Black "QueenMaxima"]
[Result "1-0"]
[WhiteElo "2579"]
[BlackElo "2616"]
[PlyCount "123"]
[EventDate "2001.??.??"]

1. c4 Nf6 2. Nc3 g6 3. g3 Bg7 4. Nf3 d6 5. Bg2 c5 6. d4 Nfd7 7. d5 Nb6 8. O-O
Na6 9. e4 Bg4 10. Qe2 O-O 11. h3 Bd7 12. Bg5 h6 13. Bf4 Qc8 14. Kh2 Qc7 15. e5
g5 16. exd6 exd6 17. Be3 Rae8 18. h4 gxh4 19. Nxh4 Re7 20. Nb5 Qb8 21. Na3 Rfe8
22. Qd2 Kh7 23. Qc2+ Kh8 24. Rh1 Na4 25. Rab1 Nb4 26. Qd2 Kh7 27. Bh3 Bxh3 28.
Kxh3 Qc8+ 29. Kg2 Qg4 30. Nf3 Qg6 31. Rh4 h5 32. Rbh1 Kg8 33. b3 Nc3 34. Rxh5
Ncxa2 35. Rg5 Qf6 36. Nb1 Re4 37. Rh2 b5 38. cxb5 Rb8 39. Qd1 Qb2 40. Nfd2 Nxd5
41. Rxd5 Re6 42. Nc4 Qf6 43. Rxd6 Rc8 44. Rd7 a6 45. Nd6 Ra8 46. Qd5 Rf8 47.
bxa6 Qg6 48. a7 Nb4 49. Qxc5 Nd3 50. Qd5 Ne1+ 51. Kh1 Qxb1 52. a8=Q Nf3+ 53.
Kg2 Ne1+ 54. Kh3 Qh7+ 55. Kg4 Qxh2 56. Qxf8+ Bxf8 57. Nxf7 Bg7 58. Nh6+ Kh8 59.
Qa8+ Re8 60. Qxe8+ Kh7 61. Qg8+ Kg6 62. Qxg7# {QueenMaxima checkmated} 1-0

[Event "ICS rated blitz match"]
[Site "204.178.125.65"]
[Date "2001.07.08"]
[Round "?"]
[White "QueenMaxima"]
[Black "Hossa"]
[Result "0-1"]
[WhiteElo "2598"]
[BlackElo "2597"]
[PlyCount "160"]
[EventDate "2001.??.??"]

1. c4 e6 2. g3 d5 3. cxd5 exd5 4. Bg2 Nf6 5. Nf3 Nc6 6. O-O Be7 7. d3 O-O 8.
Nc3 d4 9. Ne4 Nxe4 10. dxe4 Re8 11. Bf4 a5 12. Qd3 a4 13. Rfd1 a3 14. b3 Bf6
15. Rac1 Ra6 16. Rc5 Qe7 17. Qc4 Be6 18. Qxa6 bxa6 19. Rxc6 Bg4 20. Nxd4 Qd8
21. Bxc7 Qd7 22. e5 Bxe2 23. Rdc1 Qxd4 24. exf6 Bb5 25. Bb6 Qd2 26. Rc8 Qxa2
27. Rxe8+ Bxe8 28. Rc8 Qb1+ 29. Bf1 Qe4 30. Bd3 Qe6 31. Bf5 Qe1+ 32. Kg2 gxf6
33. Be3 Qd1 34. Rxe8+ Kg7 35. Re4 a2 36. Bd4 h5 37. b4 Qxd4 38. Rxd4 a1=Q 39.
Rh4 Qc3 40. h3 Qd2 41. Rxh5 Qd5+ 42. f3 Qd2+ 43. Kf1 Qxb4 44. Bd3 Qd6 45. Ke2
Qxg3 46. Bxa6 Qg6 47. Rh4 Qg2+ 48. Ke3 Qg5+ 49. Rf4 Qc5+ 50. Rd4 f5 51. f4 Qe7+
52. Kd2 Qf6 53. Rd3 Qxa6 54. Rg3+ Kf6 55. Rf3 Qa2+ 56. Ke3 Qg2 57. h4 Qg1+ 58.
Kd2 Qh2+ 59. Ke3 Qxh4 60. Ke2 Qg4 61. Ke3 Qxf3+ 62. Kxf3 Ke6 63. Ke3 Kd5 64.
Kd3 f6 65. Ke3 Kc4 66. Ke2 Kd4 67. Kd2 Ke4 68. Ke2 Kxf4 69. Kf2 Ke4 70. Kf1 f4
71. Ke2 f3+ 72. Kf2 Kf4 73. Kf1 Ke3 74. Kg1 Ke2 75. Kh2 f2 76. Kg3 f1=Q 77. Kh2
Ke3 78. Kg3 Qe2 79. Kh4 Kf2 80. Kh3 Qh5# {QueenMaxima checkmated} 0-1

[Event "ICS rated blitz match"]
[Site "204.178.125.65"]
[Date "2001.07.08"]
[Round "?"]
[White "Hossa"]
[Black "QueenMaxima"]
[Result "1-0"]
[WhiteElo "2613"]
[BlackElo "2582"]
[PlyCount "113"]
[EventDate "2001.??.??"]

1. c4 a5 2. d4 b6 3. e4 Bb7 4. Nc3 e6 5. Bd3 Bb4 6. Nge2 Qh4 7. O-O Na6 8. g3
Qh5 9. a3 Bxc3 10. Nxc3 Qxd1 11. Rxd1 Ne7 12. Be3 O-O 13. f3 Ng6 14. f4 Rad8
15. c5 f5 16. exf5 exf5 17. Bc4+ Kh8 18. cxb6 Rde8 19. Re1 cxb6 20. Na4 Nc7 21.
Nxb6 d5 22. Bd3 Re6 23. Nd7 Rf7 24. Nc5 Rb6 25. Bd2 Bc6 26. b3 a4 27. bxa4 Rb8
28. Ba5 Rc8 29. Re2 Ne8 30. Rb1 Nd6 31. Ba6 Ra8 32. Rb6 Rc7 33. Re6 Nc4 34.
Bxc4 dxc4 35. Rbxc6 Rxc6 36. Rxc6 Ne7 37. Re6 Ng6 38. Nb7 Kg8 39. Rc6 Rb8 40.
Nd6 Ne7 41. Rxc4 Rb1+ 42. Kg2 Rb2+ 43. Kh3 g6 44. Rc7 Nd5 45. Rc8+ Kg7 46. Rc5
Ne3 47. Rc7+ Kh6 48. Rb7 Rxb7 49. Nxb7 Kh5 50. Nd6 h6 51. Bd2 Nd5 52. a5 Nc7
53. g4+ fxg4+ 54. Kg3 g5 55. f5 Ne8 56. Ne4 Ng7 57. Nf6# {
QueenMaxima checkmated} 1-0

[Event "ICS rated blitz match"]
[Site "204.178.125.65"]
[Date "2001.07.08"]
[Round "?"]
[White "PostModernist"]
[Black "Hossa"]
[Result "0-1"]
[WhiteElo "2679"]
[BlackElo "2628"]
[PlyCount "102"]
[EventDate "2001.??.??"]

1. c4 c6 2. d4 d5 3. Nf3 dxc4 4. e3 b5 5. a4 a5 6. axb5 cxb5 7. b3 a4 8. bxc4
Qa5+ 9. Bd2 b4 10. Bd3 f6 11. O-O e6 12. Be4 Ra7 13. Bc2 Bd7 14. e4 Ra8 15. d5
e5 16. Nh4 g6 17. Nf3 Kf7 18. Re1 Bc5 19. Be3 a3 20. Nbd2 Bxe3 21. Rxe3 Na6 22.
Ra2 Qc7 23. Ba4 Bxa4 24. Qxa4 Ne7 25. Qd1 Rhb8 26. Qf1 Nc5 27. Nb3 Nxb3 28.
Rxb3 Kg8 29. Nd2 Qd6 30. Rb1 f5 31. Nb3 fxe4 32. Re1 Rf8 33. Rxe4 Rf5 34. Qe1
Rb8 35. f4 Rxf4 36. Rxe5 Rbf8 37. Re6 Rf1+ 38. Qxf1 Rxf1+ 39. Kxf1 Qf4+ 40. Kg1
Qxc4 41. Rxe7 Qxb3 42. Re8+ Kg7 43. Re7+ Kh6 44. Ra1 Qxd5 45. Ree1 b3 46. Kh1
a2 47. Re2 Qd4 48. Ree1 Qxa1 49. Rxa1 b2 50. Rg1 b1=R 51. g3 Rxg1+ {
PostModernist resigns} 0-1

[Event "ICS rated blitz match"]
[Site "204.178.125.65"]
[Date "2001.07.08"]
[Round "?"]
[White "Hossa"]
[Black "PostModernist"]
[Result "0-1"]
[WhiteElo "2646"]
[BlackElo "2661"]
[PlyCount "166"]
[EventDate "2001.??.??"]

1. c4 e5 2. Nf3 e4 3. Nd4 Nc6 4. Nxc6 dxc6 5. Nc3 Nf6 6. d4 exd3 7. exd3 Bb4 8.
Be2 O-O 9. Be3 Qe7 10. O-O Bf5 11. Re1 Rfd8 12. a3 Bxc3 13. bxc3 Re8 14. Qd2 c5
15. Bg5 Qd6 16. Rab1 b6 17. Bf4 Qd7 18. Rbd1 Rad8 19. d4 cxd4 20. cxd4 c6 21.
Qc3 b5 22. Be5 Ne4 23. Qf3 a6 24. Bd3 Nd6 25. Qg3 g6 26. cxb5 axb5 27. Be2 Ne4
28. Qf3 f6 29. Bf4 g5 30. Bc1 g4 31. Qe3 Ng5 32. Qb3+ Qd5 33. Qb2 Ne6 34. Bf1
Be4 35. Qe2 f5 36. Qb2 Re7 37. Qb4 Ra7 38. Bb2 Ra4 39. Qd2 Rd6 40. Qh6 Nxd4 41.
Qf4 h6 42. Qg3 Kh7 43. Qh4 Rd7 44. Qh5 Qg8 45. Rxd4 Rdxd4 46. Bxd4 Rxd4 47. Qh4
Ra4 48. Qe7+ Qg7 49. Qd6 h5 50. Re3 Rd4 51. Qe6 Rd1 52. Qe8 Qg6 53. Qe7+ Kh6
54. Qe5 Qg7 55. Qe6+ Kg5 56. Qb3 Rd5 57. Re1 Qd4 58. Rc1 Rd7 59. h4+ Kxh4 60.
Qg8 Rg7 61. g3+ Kg5 62. Qf8 Rd7 63. Re1 Qd2 64. Re2 Qd6 65. Qh8 Qf6 66. Qg8+
Kh6 67. Qc8 Rd1 68. Re3 Rd2 69. a4 bxa4 70. Qb8 Rd1 71. Qa8 Ra1 72. Qe8 a3 73.
Qa8 a2 74. Ra3 Bd3 75. Rxa2 Rxf1+ 76. Kg2 Rd1 77. Kh2 Be4 78. f3 Bxf3 79. Rg2
f4 80. Qc8 Qh4+ 81. gxh4 g3+ 82. Kh3 Rh1+ 83. Rh2 Rxh2# {Hossa checkmated} 0-1

[Event "ICS rated blitz match"]
[Site "204.178.125.65"]
[Date "2001.07.08"]
[Round "?"]
[White "PostModernist"]
[Black "Hossa"]
[Result "0-1"]
[WhiteElo "2676"]
[BlackElo "2631"]
[PlyCount "148"]
[EventDate "2001.??.??"]

1. d4 d5 2. c4 dxc4 3. Nf3 Nf6 4. e3 Bg4 5. Bxc4 e6 6. h3 Bf5 7. Nc3 Bd6 8. O-O
O-O 9. Qb3 Qc8 10. g4 Bg6 11. Nh4 Nc6 12. Nxg6 hxg6 13. Bb5 Qd7 14. Qc4 a6 15.
Bxc6 Qxc6 16. Qxc6 bxc6 17. g5 Nd5 18. e4 Nxc3 19. bxc3 c5 20. Be3 cxd4 21.
cxd4 Rab8 22. e5 Ba3 23. Rab1 c6 24. Rxb8 Rxb8 25. Kg2 Kf8 26. Kf3 Ke8 27. Ke4
Kd7 28. Ra1 Be7 29. h4 Rb2 30. Kd3 Kc7 31. Bd2 f5 32. Be3 Bb4 33. a4 a5 34. Kc4
Kb7 35. Rh1 Ra2 36. Rb1 Kc7 37. Rxb4 axb4 38. Kxb4 Ra1 39. Bf4 Rf1 40. Be3 Rh1
41. a5 Rxh4 42. Kc4 Rh1 43. f4 Rd1 44. Kc3 Ra1 45. Kb4 Ra2 46. Bc1 Kb7 47. Be3
Re2 48. Bg1 Rb2+ 49. Kc5 Kc7 50. Kc4 Rb5 51. a6 Ra5 52. Be3 Rxa6 53. Kb3 Ra1
54. Kb4 Ra2 55. Kc4 Kb7 56. Kc5 Re2 57. Bg1 Kc7 58. Kc4 Re1 59. Bf2 Re4 60. Bg3
Re3 61. Bf2 Rf3 62. Be1 Rxf4 63. Ba5+ Kd7 64. Kd3 Rf3+ 65. Ke2 Rh3 66. Bd2 Kd8
67. Be3 Kc7 68. Kf2 Kb6 69. d5+ Rxe3 70. Kxe3 cxd5 71. Kd4 f4 72. Kd3 Kc5 73.
Ke2 Kd4 74. Kf3 Kxe5 {PostModernist resigns} 0-1